Sống với văn học cùng thời

Na minha lista:
Detalhes bibliográficos
Formato: Livro
Publicado em: 2003
Tags: Adicionar Tag
Sem tags, seja o primeiro a adicionar uma tag!
Thư viện lưu trữ: Mạng thư viện Đại học Đà Nẵng
LEADER 00446nam a22001811a 4500
001 000039088
003 15383
005 20160412021916.0
008 160412s2003 000
082 |a 4V(TK)623 
245 |a Sống với văn học cùng thời  |c Lai Nguyên Ân 
260 |c 2003 
OWN |a LNN 
999 |a From the UDN01 
TYP |a Monograph 
980 |a Mạng thư viện Đại học Đà Nẵng